Copy of particulars and valuation of estates in the parish of East Bergholt, Suffolk, the property of J. T. C. Oakes Esq. made the 23rd of Febry. 1835 (Record no. 116574)

MARC details
000 -LEADER
fixed length control field 00727ctm a22002175a 4500
001 - CONTROL NUMBER
control field L141079
008 - FIXED-LENGTH DATA ELEMENTS--GENERAL INFORMATION
fixed length control field 071026s1835 xxk eng u
035 ## - SYSTEM CONTROL NUMBER
System control number (Sirsi) u141079
041 0# - LANGUAGE CODE
Language code of text/sound track or separate title eng
100 1# - MAIN ENTRY--PERSONAL NAME
Personal name Cook, Edward
245 00 - TITLE STATEMENT
Title Copy of particulars and valuation of estates in the parish of East Bergholt, Suffolk, the property of J. T. C. Oakes Esq. made the 23rd of Febry. 1835
Medium [manuscript]
260 ## - PUBLICATION, DISTRIBUTION, ETC.
Date of publication, distribution, etc. 1835
300 ## - PHYSICAL DESCRIPTION
Extent 2 leaves
Dimensions 23 x 19 cm.
340 ## - PHYSICAL MEDIUM
Material base and configuration Ink on paper
351 ## - ORGANIZATION AND ARRANGEMENT OF MATERIALS
Hierarchical level Single item
500 ## - GENERAL NOTE
General note Item is addressed to T. R. Holmes Esq., solicitor, of Halter Street in Bury St Edmunds.
500 ## - GENERAL NOTE
General note Item presented by E. G. Collier
651 4# - SUBJECT ADDED ENTRY--GEOGRAPHIC NAME
Geographic name Suffolk
690 ## - LOCAL SUBJECT ADDED ENTRY--TOPICAL TERM (OCLC, RLIN)
Topical term or geographic name as entry element PROPERTY
942 ## - ADDED ENTRY ELEMENTS (KOHA)
Suppress in OPAC 0
Holdings
Withdrawn status Lost status Source of classification or shelving scheme Damaged status Not for loan Home library Current library Shelving location Date acquired Total Checkouts Full call number Barcode Date last seen Copy number Price effective from Koha item type
    Dewey Decimal Classification     London London Basement 26/10/2007   BASEMENT BOX 4 141079-1001 06/08/2019 1 06/08/2019 Archive